[Event "Olympiad Women 2024"]
[Site "Budapest HUN"]
[Date "2024.09.21"]
[Round "10.66"]
[Board "1"]
[White "Shipindo, Rauha"]
[Black "Mahi R. Shah"]
[Result "1/2-1/2"]
[WhiteElo "1677"]
[BlackElo "1602"]
[PlyCount "118"]
[EventDate "2024.09.11"]
[WhiteTeam "Namibia"]
[BlackTeam "Tanzania"]
[WhiteTeamCountry "NAM"]
[BlackTeamCountry "TAN"]

1. e4 e6 2. d4 d5 3. exd5 exd5 4. Nf3 Nf6 5. Bd3 Bg4 6. h3 Bh5 7. g4 ({RR} 7. O-O Be7 8. Nbd2 O-O 9. c3 Nbd7 10. Re1 c5 11. dxc5 Nxc5 12. Nb3 Nfe4 13. Bc2 Rc8 14. Be3 b6 15. Nxc5 Bxc5 16. Bxc5 bxc5 17. c4 Qb6 18. Qxd5 Nf6 19. Qd2 Bxf3 20. gxf3 Rcd8 21. Qc3 Nh5 {0-1 Varga,Z (2518)-Feygin,M (2500) Dortmund Master 1999 (2)}) ({RR} 7. O-O Be7 8. c3 O-O 9. Bg5 Nbd7 10. Nbd2 c5 11. Re1 Re8 12. Qa4 a6 13. Bf5 b5 14. Qc2 Bg6 15. Ne5 Bxf5 16. Qxf5 g6 17. Qf3 Nf8 18. Nc6 Qd6 19. Nxe7+ Rxe7 20. Bxf6 Rxe1+ 21. Rxe1 Ne6 {1-0 Adewumi,T (2370)-Eggleston,T (2188) Titled Tue 7th May Late 2024 (2)}) 7... Bg6 8. Ne5 Bxd3 $146 ({RR} 8... Bd6 9. Nc3 Nc6 10. f4 Be4 11. O-O Nxd4 12. Bxe4 Nxe4 13. Nxe4 Bxe5 14. Nf2 Qh4 15. Kg2 Bf6 16. g5 O-O-O 17. c3 Ne6 18. gxf6 gxf6 19. Qf3 f5 20. Be3 Kb8 21. Rad1 c6 22. Kh2 Rhg8 23. Rg1 {½-½ Schulz,L (2158)-Behl,C (2031) Regionalliga NW 1415 2014 (3.1)}) 9. Qxd3 Nbd7 10. Bg5 Be7 11. Nc3 Nxe5 12. dxe5 Nd7 13. Bxe7 Qxe7 14. O-O-O c6 15. f4 O-O-O 16. Qd4 Nb6 17. Na4 Nxa4 18. Qxa4 Qc5 19. Rd3 a6 20. Rc3 Qb5 21. Qd4 Kb8 22. Rd1 Qa5 23. a3 Qc7 24. Qc5 Rhe8 25. Qf2 Re6 26. Kb1 f6 27. exf6 Rxf6 28. f5 Rfd6 29. Re1 d4 30. Rb3 d3 31. Rxd3 Rxd3 32. cxd3 Rxd3 33. Re8+ Rd8 34. Qe3 Qd7 35. Rxd8+ Qxd8 36. Qe5+ Qc7 37. Qe3 Qd6 38. Kc2 Kc7 39. Qc3 Kb6 40. Qb4+ Kc7 41. Qc3 Qh6 42. Qg3+ Qd6 43. Qc3 Qh6 44. h4 g5 45. Qe5+ Kd7 46. hxg5 Qxg5 47. Qe6+ Kd8 48. f6 Qc5+ 49. Kb1 Qg1+ 50. Ka2 Qc5 51. Qg8+ Kd7 52. Qxh7+ Ke6 53. Qxb7 Kxf6 54. Qxa6 Qd5+ 55. Ka1 Qd1+ 56. Ka2 Qd5+ 57. b3 Qd2+ 58. Kb1 Qd1+ 59. Kb2 Qd2+ 1/2-1/2

[Event "Olympiad Women 2024"]
[Site "Budapest HUN"]
[Date "2024.09.21"]
[Round "10.66"]
[Board "2"]
[White "Anahi Rishit Shah"]
[Black "Beukes Jamie-Nicole"]
[Result "0-1"]
[WhiteElo "1513"]
[BlackElo "1735"]
[PlyCount "112"]
[EventDate "2024.09.11"]
[WhiteTeam "Tanzania"]
[BlackTeam "Namibia"]
[WhiteTeamCountry "TAN"]
[BlackTeamCountry "NAM"]

1. e4 c5 2. Nf3 e6 3. d4 cxd4 4. Nxd4 a6 5. Nf3 Nc6 6. Bc4 ({RR} 6. Nc3 Qc7 7. Bc4 Nf6 8. O-O Bd6 9. Re1 Ne5 10. Nxe5 Bxe5 11. Qd3 Bxh2+ 12. Kh1 Bf4 13. Bb3 O-O 14. Qf3 Be5 15. Qd3 b5 16. Ne2 Bb7 17. f3 Bg3 18. Rf1 Bd6 19. Bg5 Be5 20. c3 h6 {0-1 Ahmadli,M-Veselow,Z (1124) Wch U08 Girls blitz 2022 (6)}) 6... b5 7. Bb3 Bb7 8. O-O Be7 $146 ({RR} 8... Na5 9. Re1 Nxb3 10. axb3 Nf6 11. Nc3 d6 12. Bg5 Be7 13. Qe2 Qc7 14. Rad1 O-O 15. Rd3 h6 16. Bh4 Rac8 17. Rd2 b4 18. Na2 Nxe4 19. Rd4 d5 20. Rc1 a5 21. Bxe7 Qxe7 22. Nd2 Nxd2 23. Qxd2 {0-1 Sarrio Vendrell,N (1774)-Ylla Soro,R (1727) Foment Martinenc op-C 16th 2014 (6)}) 9. Nc3 d6 10. a3 Nf6 11. Re1 O-O 12. Bg5 Rc8 13. e5 dxe5 14. Qxd8 Rfxd8 15. Nxe5 Nd4 16. Ng4 Bd5 17. Rad1 Bxb3 18. cxb3 Nxb3 19. Nxf6+ Bxf6 20. Bxf6 gxf6 21. g3 Kg7 22. f4 f5 23. Kf2 Rd2+ 24. Rxd2 Nxd2 25. Re2 Nc4 26. Kf1 Rc5 27. Nb1 Nd6 28. b3 Ne4 29. Re3 Rc1+ 30. Re1 Rxb1 31. Rxb1 Nd2+ 32. Ke2 Nxb1 33. a4 bxa4 34. bxa4 Nc3+ 35. Kd3 Nxa4 36. Kc4 Nb6+ 37. Kb4 Nd5+ 38. Ka5 Ne3 39. Kxa6 Nf1 40. h3 Nxg3 41. Kb5 Ne2 42. Kc4 Nxf4 43. h4 Kf6 44. Kd4 Nd5 45. Kd3 e5 46. Ke2 e4 47. h5 f4 48. h6 f3+ 49. Kf2 Kg5 50. Kg3 f6 51. Kf2 Kg4 52. Kf1 e3 53. Kg1 Kg3 54. Kf1 f5 55. Kg1 e2 56. Kh1 e1=Q# 0-1

[Event "Olympiad Women 2024"]
[Site "Budapest HUN"]
[Date "2024.09.21"]
[Round "10.66"]
[Board "3"]
[White "Nepando, Jolly"]
[Black "Bertha Samson Mkude"]
[Result "1-0"]
[WhiteElo "1642"]
[BlackElo "1459"]
[PlyCount "87"]
[EventDate "2024.09.11"]
[WhiteTeam "Namibia"]
[BlackTeam "Tanzania"]
[WhiteTeamCountry "NAM"]
[BlackTeamCountry "TAN"]

1. e4 e5 2. Nf3 d6 3. d4 Nc6 4. Bb5 Bd7 5. Nc3 Be7 6. O-O Nf6 7. Re1 h6 ({RR} 7... Nxd4 8. Nxd4 exd4 9. Bxd7+ Nxd7 10. Qxd4 O-O 11. Nd5 Nf6 12. Nxe7+ Qxe7 13. Bf4 Nh5 14. Bd2 Qe5 15. Qb4 b6 16. g3 Rfe8 17. Qc4 Qc5 18. Qxc5 bxc5 19. e5 Rxe5 20. Rxe5 dxe5 21. Re1 f6 22. f4 {½-½ Chigaev,M (2643)-Nazaretyan,T (2297) St Petersburg rapid 2019 (11)}) ({RR} 7... a6 8. Bxc6 Bxc6 9. dxe5 dxe5 10. Qxd8+ Rxd8 11. Nxe5 Bxe4 12. Nxe4 Nxe4 13. Bf4 Nc5 14. Nf3 Ne6 15. Bg3 Bd6 16. c3 Bxg3 17. hxg3 Ke7 18. Nd4 Rd6 19. Nf5+ Kd7 20. Nxd6 cxd6 21. Rad1 Rc8 22. Rd5 {½-½ Djokic,M (2213)-Unver,C (2046) Titled Tuesday intern op 19th Oct blitz 2021 (1)}) 8. Bxc6 $146 ({RR} 8. h3 exd4 9. Nxd4 Nxd4 10. Qxd4 Bxb5 11. Nxb5 O-O 12. Bf4 Nd7 13. Qc4 a6 14. Nd4 Bf6 15. Rad1 Bxd4 16. Rxd4 Qf6 17. e5 Nxe5 18. Bxe5 dxe5 19. Rd7 b5 20. Qc5 Qe6 21. Rxc7 Rac8 22. Rxe5 Rxc7 {½-½ Huwa,W (2183)-Spiesberger,G (1947) Niederbayernliga 0304 2003 (9)}) ({RR} 8. h3 O-O 9. Be3 Nh7 10. Bxc6 Bxc6 11. dxe5 f6 12. e6 f5 13. exf5 Rxf5 14. Nd4 Rf8 15. Nxc6 bxc6 16. Qd3 d5 17. Bd4 Qd6 18. Na4 Qf4 19. Nc5 Rae8 20. Nd7 Rf5 21. Be3 Qe4 22. g4 Rf4 {1-0 Garay Lenne,L-Paniagua Amat,A San Sebastian op 1995}) ({RR} 8. b3 a6 9. Bf1 O-O 10. Bb2 Qc8 11. dxe5 dxe5 12. Nd5 Bg4 13. h3 Bxf3 14. Qxf3 Qd8 15. Rad1 Bd6 16. c4 Nxd5 17. exd5 Ne7 18. Bxe5 Bxe5 19. Rxe5 Ng6 20. Ree1 Qd6 21. Qc3 Qa3 22. Bd3 a5 {1-0 Romo Bucheli,D (1937)-Norona,M Bogota McGregor op 3rd 2012 (7)}) 8... Bxc6 9. dxe5 dxe5 10. Qxd8+ Rxd8 11. Nxe5 O-O 12. Nxc6 bxc6 13. Bf4 Rc8 14. Rad1 Bb4 15. Rd3 Ba5 16. a3 Bb6 17. Na4 Rfe8 18. Nxb6 cxb6 19. f3 a6 20. Kf2 b5 21. e5 Nd5 22. Bd2 Re6 23. b3 Nb6 24. f4 Kh7 25. Be3 Na8 26. Rd7 Kg8 27. Bc5 Nc7 28. Red1 g5 29. g3 Kg7 30. Re1 Kg6 31. Kf3 a5 32. Bb6 Na6 33. Bxa5 Nc5 34. Rd8 Rxd8 35. Bxd8 Nb7 36. Bf6 c5 37. h4 gxh4 38. Bxh4 Kh5 39. Rh1 Kg6 40. g4 Kh7 41. Bf6 Ra6 42. g5 Rxa3 43. Rxh6+ Kg8 44. Rh8# 1-0

[Event "Olympiad Women 2024"]
[Site "Budapest HUN"]
[Date "2024.09.21"]
[Round "10.67"]
[Board "1"]
[White "Ollet, Myra"]
[Black "Yavo Tchetche, Marie"]
[Result "1-0"]
[WhiteElo "1658"]
[BlackElo "1686"]
[PlyCount "83"]
[EventDate "2024.09.11"]
[WhiteTeam "Guam"]
[BlackTeam "Cote d’Ivoire"]
[WhiteTeamCountry "GMA"]

1. d4 Nf6 2. Bf4 g6 3. Nc3 Bg7 4. e4 d6 5. Qd2 c6 6. f3 b5 7. Bh6 O-O 8. Bxg7 ({RR} 8. Bd3 a5 9. h4 e5 10. dxe5 dxe5 11. g4 Na6 12. h5 Nb4 13. Bxg7 Kxg7 14. hxg6 fxg6 15. Qh6+ Kg8 16. O-O-O Qe7 17. Nh3 Qg7 18. Qe3 Qe7 19. Be2 Be6 20. Ng5 Nxa2+ 21. Nxa2 Bxa2 22. Rh2 a4 {0-1 Arslanov,S (2410)-Nieto,A (2069) Titled Tue 12th Mar Early 2024 (1)}) 8... Kxg7 9. h4 ({RR} 9. a4 bxa4 10. Rxa4 Nbd7 11. b3 c5 12. d5 a5 13. Bb5 Qb6 14. Nge2 e6 15. dxe6 fxe6 16. Bxd7 Nxd7 17. h4 h6 18. f4 Ra7 19. h5 g5 20. e5 c4 21. Rxc4 dxe5 22. Na4 Qb7 23. fxg5 Qxg2 {0-1 Mascarinas,R (2450)-Donguines,F (2435) Cebu 1992 (5)}) 9... h6 $146 ({RR} 9... e5 10. dxe5 dxe5 11. O-O-O Qxd2+ 12. Rxd2 Be6 13. Kb1 Nbd7 14. g3 Nb6 15. Nh3 Rfd8 16. Rhh2 b4 17. Nd1 h6 18. Ne3 c5 19. b3 a5 20. Bd3 Rd4 21. Nf2 Rad8 22. f4 c4 23. bxc4 Nxc4 24. Nxc4 {½-½ Wenzel,R (1617)-Bosbach,J (1896) Dortmund op-B 2007 (5)}) 10. Be2 a5 11. g4 Nh7 12. f4 b4 13. Na4 e6 14. Nf3 f5 15. gxf5 exf5 16. e5 dxe5 17. Nxe5 Ba6 18. O-O-O Qd5 19. b3 Qg2 20. Bxa6 Qxd2+ 21. Rxd2 Nxa6 22. Nxc6 Nc7 23. d5 Nf6 24. d6 Ne6 25. d7 Nd8 26. Ne5 Ne4 27. Rd5 Ra7 28. Rg1 Rf6 29. Nc5 Nc3 30. Rd2 a4 31. bxa4 Nxa4 32. Nxa4 Rxa4 33. Kb2 Rfa6 34. Ra1 b3 35. cxb3 Rxf4 36. Rc1 Kf6 37. Rc8 Kxe5 38. Rxd8 Rxh4 39. Re8+ Re6 40. Rxe6+ Kxe6 41. d8=Q g5 42. Qd6+ 1-0

[Event "Olympiad Women 2024"]
[Site "Budapest HUN"]
[Date "2024.09.21"]
[Round "10.67"]
[Board "2"]
[White "Kouassi Edichy Berenice"]
[Black "Ramas, Carmina Jasmine"]
[Result "0-1"]
[WhiteElo "1528"]
[BlackElo "1712"]
[PlyCount "108"]
[EventDate "2024.09.11"]
[WhiteTeam "Cote d’Ivoire"]
[BlackTeam "Guam"]
[BlackTeamCountry "GMA"]

1. d4 d6 2. Bf4 Nf6 3. Nf3 Nbd7 4. c3 ({RR} 4. Nc3 c5 5. d5 b5 6. Nxb5 Qa5+ 7. Nc3 Rb8 8. Bd2 Rxb2 9. e4 g6 10. Bd3 Bg7 11. Rb1 Rxb1 12. Qxb1 O-O 13. h3 Qc7 14. Nb5 Qb6 15. c4 e6 16. O-O exd5 17. exd5 a6 18. Nc3 Qc7 {1-0 Chadaev,N (2591)-Markus,R (2599) PRO League Stage rapid 2020 (5)}) 4... c6 ({RR} 4... g6 5. Nbd2 Nh5 6. Bg5 h6 7. Bh4 g5 8. Bg3 Bg7 9. e4 e6 10. Bd3 a6 11. Qe2 b6 12. e5 d5 13. O-O-O Bb7 14. h4 Nxg3 15. fxg3 g4 16. Ne1 h5 17. Nc2 Qe7 18. Kb1 c5 19. b3 {0-1 Gatterer,F (2170)-Ovetchkin,R (2518) Titled Tue 5th Mar Early 2024 (6)}) 5. e3 Qc7 6. Bd3 $146 ({RR} 6. Nbd2 e5 7. dxe5 dxe5 8. Bg3 b5 9. Qc2 Bd6 10. h4 Bb7 11. h5 h6 12. Qf5 O-O 13. Bh4 Rfe8 14. g4 e4 15. g5 hxg5 16. Nxg5 Re5 17. Qh3 Nc5 18. h6 Bc8 19. Qg2 g6 20. h7+ Kh8 {1-0 Ihonen,P-Auvinen,E Heinola We HeinSK op 2004 (2)}) 6... e5 7. dxe5 dxe5 8. Bg3 Bd6 9. Nbd2 Nc5 10. Qc2 h6 11. Nc4 Ncd7 12. Nxd6+ Qxd6 13. O-O-O Qe7 14. Nd2 b5 15. Rhe1 a5 16. f4 O-O 17. Ne4 Nxe4 18. Bxe4 Ra6 19. Bf3 Re8 20. Rd2 e4 21. Bg4 Nc5 22. Bxc8 Nd3+ 23. Rxd3 exd3 24. Qxd3 Rxc8 25. Qc2 Ra7 26. Bf2 Rd7 27. Rd1 Rcd8 28. Rxd7 Qxd7 29. g3 Qd5 30. b3 Qh1+ 31. Kb2 Qd1 32. Qxd1 Rxd1 33. Kc2 Rf1 34. Kb2 Rxf2+ 35. Ka3 Rxh2 36. b4 a4 37. c4 Re2 38. cxb5 cxb5 39. e4 Rxe4 40. Kb2 Rc4 41. f5 Kf8 42. Ka3 Rc3+ 43. Kb2 Rxg3 44. Kc2 h5 45. Kd2 h4 46. Ke2 h3 47. Kf2 Rg5 48. Kf3 h2 49. Kf4 Rg1 50. a3 h1=Q 51. f6 Qh4+ 52. Kf3 Rg3+ 53. Ke2 Qh2+ 54. Ke1 Rg1# 0-1

[Event "Olympiad Women 2024"]
[Site "Budapest HUN"]
[Date "2024.09.21"]
[Round "10.67"]
[Board "3"]
[White "Benzon, Tiffany"]
[Black "Gba, Zotta Marcelle Aurore Regine"]
[Result "1-0"]
[WhiteElo "1610"]
[BlackElo "1427"]
[PlyCount "41"]
[EventDate "2024.09.11"]
[WhiteTeam "Guam"]
[BlackTeam "Cote d’Ivoire"]
[WhiteTeamCountry "GMA"]

1. e4 e5 2. Nf3 Nc6 3. Bc4 Bc5 4. O-O Nf6 5. d3 h6 6. h3 O-O 7. Nc3 d6 8. Be3 Bxe3 9. fxe3 a6 10. a4 Ne7 ({RR} 10... Be6 11. Nd2 Na5 12. Ba2 Nc6 13. Bc4 Na5 14. Ba2 Nc6 15. Rf2 Bxa2 16. Nxa2 d5 17. Qf3 d4 18. exd4 Nxd4 19. Qd1 b5 20. Nc3 Qd6 21. Ne2 Rad8 22. Nf1 Qc5 23. Neg3 Kh7 24. Qd2 Ng8 25. Ne3 {½-½ Sindarov,J (2658)-Yakubboev,N (2616) Qatar Masters Open 2023 (8.4)}) ({RR} 10... Be6 11. Nd2 Na5 12. Bxe6 fxe6 13. b4 Nc6 14. b5 Nb8 15. Ne2 Nbd7 16. c4 c6 17. bxc6 bxc6 18. a5 Qc7 19. Qc2 Qa7 20. d4 exd4 21. exd4 e5 22. Qc3 exd4 23. Nxd4 Nc5 24. Rae1 Rae8 25. Nxc6 {½-½ Saydaliev,S (2422)-Goganov,A (2526) UZB Scheveningen Team 2023 (8.1)}) 11. b4 $146 ({RR} 11. Qd2 Ng6 12. d4 exd4 13. exd4 c6 14. e5 dxe5 15. dxe5 Qxd2 16. Nxd2 Nxe5 17. Nce4 Nxe4 18. Nxe4 Nxc4 19. b3 Na5 20. Rad1 Be6 21. Nc5 Rad8 22. Rfe1 Rxd1 23. Rxd1 b5 24. axb5 axb5 25. Ra1 Ra8 {1-0 Iyengar,S (947)-Waehler,J (913) GER-chT U10 Magdeburg 2015 (4.3)}) 11... c6 12. Bb3 Qc7 13. Qd2 Bd7 14. d4 exd4 15. exd4 Rfe8 16. e5 dxe5 17. Nxe5 Ned5 18. Nxd5 Nxd5 19. Rxf7 Rad8 20. Raf1 Nf6 21. Rxd7+ 1-0

[Event "Olympiad Women 2024"]
[Site "Budapest HUN"]
[Date "2024.09.21"]
[Round "10.68"]
[Board "2"]
[White "Marcos, Taqesyah"]
[Black "Cancino, Shiela"]
[Result "1-0"]
[WhiteElo "1679"]
[BlackElo "1663"]
[PlyCount "63"]
[EventDate "2024.09.11"]
[WhiteTeam "Netherlands Antilles"]
[BlackTeam "Bermuda"]
[WhiteTeamCountry "AHO"]
[BlackTeamCountry "BER"]

1. d4 c5 2. e3 e6 3. Nf3 Nf6 4. Bd3 Nc6 5. b3 b6 6. Bb2 Bb7 7. a3 Be7 8. Nbd2 Qc7 9. Rc1 $146 ({RR} 9. Ne5 O-O 10. O-O d6 11. Ng4 Nxg4 12. Qxg4 f5 13. Qh5 Bf6 14. c3 g6 15. Qe2 e5 16. dxc5 bxc5 17. e4 Ne7 18. c4 Bg5 19. Nb1 fxe4 20. Bxe4 Bxe4 21. Qxe4 Rab8 22. Qd3 Nf5 23. h3 a5 {0-1 Lipovoy,D (1918)-Yaksin,O (2377) Tuapse Amaks Resort op 2021 (2)}) 9... d6 10. c3 a5 11. dxc5 dxc5 12. O-O O-O 13. Qc2 Ne5 14. Be2 Nxf3+ 15. Bxf3 Bxf3 16. Nxf3 c4 17. b4 Bd6 18. h3 e5 19. e4 Nh5 20. Rcd1 Nf4 21. Bc1 Rad8 22. Bxf4 exf4 23. Rd5 Be7 24. Rfd1 Rxd5 25. Rxd5 Rd8 26. Qd2 f6 27. Rxd8+ Bxd8 28. Qd5+ Kh8 29. Nd4 Be7 30. Qf7 Qd7 31. Ne6 Qd1+ 32. Kh2 1-0

[Event "Olympiad Women 2024"]
[Site "Budapest HUN"]
[Date "2024.09.21"]
[Round "10.68"]
[Board "3"]
[White "Gontcharova, Olga"]
[Black "Pieter, Liana"]
[Result "0-1"]
[WhiteElo "1567"]
[BlackElo "1619"]
[PlyCount "100"]
[EventDate "2024.09.11"]
[WhiteTeam "Bermuda"]
[BlackTeam "Netherlands Antilles"]
[WhiteTeamCountry "BER"]
[BlackTeamCountry "AHO"]

1. d4 d5 2. Nc3 Nf6 3. Bf4 Bf5 4. Nb5 Na6 5. e3 c6 6. Nc3 Nc7 7. Bd3 Bg6 ({RR} 7... Bxd3 8. cxd3 e6 9. h3 Bd6 10. g4 Bxf4 11. exf4 Qd6 12. Qf3 O-O-O 13. O-O-O Kb8 14. Nge2 Nb5 15. Nxb5 cxb5 16. Rd2 Rc8+ 17. Kb1 Qb4 18. Rc2 Nd7 19. Rhc1 Rxc2 20. Rxc2 Nb6 21. f5 Qe7 22. fxe6 {0-1 Gelder,S-Blinova,S (1814) Swiss Queens Wed #28 2024 (11.3)}) 8. Nf3 e6 9. O-O Bd6 10. Bxd6 $146 ({RR} 10. Ne5 O-O 11. Ne2 Nh5 12. Nxg6 hxg6 13. Bxd6 Qxd6 14. c4 dxc4 15. Bxc4 Nd5 16. Rc1 Rac8 17. a3 Nhf6 18. Ng3 e5 19. Qd3 exd4 20. Qxd4 c5 21. Qd3 Qe5 22. Rc2 Rfd8 23. Qe2 a6 24. Rd1 b5 {0-1 Asavasaetakul,C (2009)-Zaichenko,D (2104) Titled Tue 16th May Early 2023 (11)}) 10... Qxd6 11. Ne5 Ne4 12. f3 Nxc3 13. bxc3 Bxd3 14. Qxd3 f6 15. Ng4 O-O 16. f4 h5 17. Nf2 e5 18. Nh3 exd4 19. cxd4 Ne6 20. c3 c5 21. c4 cxd4 22. exd4 dxc4 23. Qc3 Qxd4+ 24. Qxd4 Nxd4 25. Rf2 b5 26. a3 a5 27. Rd1 Nb3 28. Rd5 Rab8 29. Rxh5 Rfd8 30. g4 g6 31. Rh4 Rd1+ 32. Kg2 Rd2 33. f5 Rxf2+ 34. Nxf2 c3 35. Nd3 Rd8 36. Rh3 c2 37. Nc1 Nxc1 38. Rc3 Rd2+ 39. Kf1 gxf5 40. gxf5 Rxh2 41. Ke1 Nd3+ 42. Kf1 c1=Q+ 43. Rxc1 Nxc1 44. Ke1 b4 45. Kd1 Nd3 46. a4 Nc5 47. Kc1 Nxa4 48. Kb1 b3 49. Kc1 b2+ 50. Kb1 Nc3# 0-1

[Event "Olympiad Women 2024"]
[Site "Budapest HUN"]
[Date "2024.09.21"]
[Round "10.69"]
[Board "1"]
[White "Georgina Sackie"]
[Black "Shariff, Sasha Christina"]
[Result "1-0"]
[WhiteElo "1688"]
[BlackElo "1538"]
[PlyCount "42"]
[EventDate "2024.09.11"]
[WhiteTeam "Liberia"]
[BlackTeam "Guyana"]
[WhiteTeamCountry "LBR"]
[BlackTeamCountry "GUY"]

1. d4 d5 2. c4 e6 3. Nc3 Nf6 4. cxd5 exd5 5. Bg5 Be7 6. e3 Nbd7 7. Nf3 c6 8. Bd3 O-O 9. O-O Re8 10. Qc2 Nf8 11. h3 Ng6 12. h4 ({RR} 12. Rae1 Ne4 13. Bxe7 Qxe7 14. Bxe4 dxe4 15. Nd2 f5 16. f3 exf3 17. Nxf3 Be6 18. e4 fxe4 19. Rxe4 Rad8 20. Qe2 h6 21. Re1 Nf8 22. Qe3 Qd6 23. Ne5 Re7 24. Nd3 Rf7 25. Rxe6 Nxe6 26. Qxe6 Qxd4+ {½-½ Wojtaszek,R (2694)-Howell,D (2658) EU-Cup Online Final rapid 2021 (5.2)}) ({RR} 12. a3 Ne4 13. Bxe7 Qxe7 14. Nd2 f5 15. b4 a6 16. Rab1 Qg5 17. Kh2 Nh4 18. Bxe4 fxe4 19. Rg1 Rf8 20. Nf1 Qf5 21. Ng3 Qxf2 22. Qxf2 Rxf2 23. Nh5 Rc2 24. Rbc1 Rxc1 25. Rxc1 Nf5 26. Nd1 Bd7 {1-0 Silva,J (1837)-Hernandez,A (2026) Titled Tue 9th Jul Late 2024 (9)}) 12... Bg4 $146 ({RR} 12... Nh5 13. Bxe7 Qxe7 14. Bf5 Qf6 15. Bxg6 fxg6 16. Qb3 Kh8 17. Rae1 b6 18. Qa4 Rf8 19. Ne5 b5 20. Qb4 a5 21. Qc5 b4 22. Ne2 Ba6 23. Nd7 Qf7 24. Nxf8 Rxf8 25. Qxa5 Bxe2 26. Rxe2 Ng3 27. Ree1 {0-1 Flemming,K (1766)-Morais Carreras,J (1925) Barcelona Sant Marti op-B 19th 2017 (3)}) 13. Nh2 Bh5 14. Bxf6 Bxf6 15. g4 Bxh4 16. gxh5 Qg5+ 17. Kh1 Qxh5 18. Rg1 Re6 19. Be2 Qh6 20. Ng4 Qg5 21. f4 Bf2 1-0

[Event "Olympiad Women 2024"]
[Site "Budapest HUN"]
[Date "2024.09.21"]
[Round "10.69"]
[Board "2"]
[White "Joshi, Aditi Narayan"]
[Black "Meleh M. Davis"]
[Result "1-0"]
[WhiteElo "1546"]
[BlackElo "1602"]
[PlyCount "106"]
[EventDate "2024.09.11"]
[WhiteTeam "Guyana"]
[BlackTeam "Liberia"]
[WhiteTeamCountry "GUY"]
[BlackTeamCountry "LBR"]

1. d4 d5 2. c4 c6 3. e3 Nf6 4. Nf3 Bg4 5. h3 Bxf3 6. Qxf3 e6 7. Nc3 Bb4 8. Bd3 Qa5 9. Bd2 dxc4 10. Bxc4 Nd5 11. e4 Nxc3 $146 ({RR} 11... Nb6 12. Bb3 Qa6 13. Qg3 Rg8 14. d5 cxd5 15. exd5 Nxd5 16. Bxd5 exd5 17. O-O-O Nc6 18. Nxd5 Qc4+ 19. Bc3 Kf8 20. Nxb4 {1-0 Sodoma,J (2359)-Matejovsky,O (2042) Klatovy op 2010 (1)}) ({RR} 11... Bxc3 12. bxc3 Nb6 13. Bd3 O-O 14. O-O N8d7 15. e5 Qa3 16. Rfe1 Qe7 17. Qe4 g6 18. Qg4 Rae8 19. Bh6 f5 20. Bxf8 Rxf8 21. Qf3 Qg7 22. Rab1 g5 23. Qh5 Nd5 24. Rxb7 Nf4 25. Qf3 Nxd3 26. Qxd3 {1-0 Schorr,J (1865)-Kraft,I (1457) Duisburg Grossenbaum op 2006 (4)}) 12. Bxc3 Bxc3+ 13. Qxc3 Qxc3+ 14. bxc3 Nd7 15. a4 Nb6 16. Be2 O-O 17. O-O Rfd8 18. Rfd1 Rac8 19. a5 Nd7 20. Rac1 Nf6 21. Bf3 Kf8 22. c4 Ke7 23. Kf1 Rd7 24. e5 Ne8 25. Rc3 Nc7 26. Be4 g6 27. Ke2 Rcd8 28. Rcd3 Na6 29. Ke3 Nb4 30. R3d2 b6 31. axb6 axb6 32. Rb2 c5 33. Rbd2 cxd4+ 34. Rxd4 Rxd4 35. Rd3 R8d5 36. Rxd4 Rxd4 37. Kxd4 Kd7 38. f4 Na2 39. g4 Nc1 40. Ke3 Nb3 41. Bc2 Nc5 42. h4 Ke7 43. Kd4 f5 44. exf6+ Kxf6 45. g5+ Ke7 46. Ke5 Kd7 47. Kf6 Nb7 48. Kg7 Nd6 49. Bd3 Ke7 50. Kxh7 Nf5 51. Bxf5 gxf5 52. g6 Kf8 53. g7+ Kf7 1-0

[Event "Olympiad Women 2024"]
[Site "Budapest HUN"]
[Date "2024.09.21"]
[Round "10.69"]
[Board "3"]
[White "Abigail Karyah"]
[Black "Clement, Ciel Desiree"]
[Result "1-0"]
[WhiteElo "1790"]
[BlackElo "1460"]
[PlyCount "125"]
[EventDate "2024.09.11"]
[WhiteTeam "Liberia"]
[BlackTeam "Guyana"]
[WhiteTeamCountry "LBR"]
[BlackTeamCountry "GUY"]

1. d4 d5 2. c4 e6 3. Nc3 Nf6 4. cxd5 exd5 5. Bg5 Be7 6. e3 O-O 7. Bd3 c6 8. Qc2 Nbd7 9. Nf3 Re8 10. O-O Nf8 11. Rab1 Bd6 12. b4 Ng6 13. b5 h6 14. Bxf6 Qxf6 15. bxc6 bxc6 16. Na4 Bg4 17. Nd2 $146 ({RR} 17. Be2 Bf5 18. Bd3 Be4 19. Qe2 Qf5 20. Rfd1 Qh5 21. h3 f5 22. Rb7 f4 23. Nc5 Bxf3 24. Qxf3 Qxf3 25. gxf3 Nh4 26. Be2 fxe3 27. fxe3 Rxe3 28. Kf2 Rae8 29. Ne4 Nf5 30. Rg1 dxe4 31. Rbxg7+ Nxg7 {0-1 Zapletal,J (2210)-Dobrovolsky,L (2390) Ceske Budejovice op 1993 (4)}) 17... Rac8 18. Nc5 Rc7 19. Rfc1 Rec8 20. Rb2 Qh4 21. g3 Qf6 22. Bf1 h5 23. Bg2 h4 24. Rb7 Rxb7 25. Nxb7 Bb8 26. Nb3 hxg3 27. hxg3 Ne7 28. N3c5 g6 29. Na6 Kg7 30. Qc5 Nf5 31. Nxb8 Rxb8 32. Qxa7 Rh8 33. Qa6 Ne7 34. Na5 Bc8 35. Qb6 Bd7 36. Nb3 Qd6 37. Nc5 Rb8 38. Qa5 Rb5 39. Qd2 Bg4 40. a4 Rb8 41. Ra1 Ra8 42. Qb4 Nc8 43. Rb1 Qc7 44. Qb7 Ra7 45. Qxc7 Rxc7 46. Kf1 Ra7 47. Ke1 Bf5 48. Rb2 Kf6 49. Kd2 Ke7 50. Kc3 Kd6 51. Bf1 Kc7 52. Kb4 Ra8 53. Ka3 Nb6 54. Na6+ Kb7 55. a5 Rxa6 56. Bxa6+ Kxa6 57. axb6 Bc8 58. Ka2 Bb7 59. Kb1 Ba8 60. Kc2 Kb7 61. Ra2 Kb8 62. Ra7 Bb7 63. Kc3 1-0

[Event "Olympiad Women 2024"]
[Site "Budapest HUN"]
[Date "2024.09.21"]
[Round "10.69"]
[Board "4"]
[White "Archibald, Treskole"]
[Black "Princess K. Banney"]
[Result "0-1"]
[WhiteElo "1444"]
[BlackElo "1447"]
[PlyCount "34"]
[EventDate "2024.09.11"]
[WhiteTeam "Guyana"]
[BlackTeam "Liberia"]
[WhiteTeamCountry "GUY"]
[BlackTeamCountry "LBR"]

1. e4 c6 2. d4 d5 3. exd5 cxd5 4. Bd3 Nc6 5. c3 Nf6 6. h3 Qc7 7. Ne2 e6 ({RR} 7... Bd7 8. O-O g6 9. Bf4 Qc8 10. Nd2 Bg7 11. Re1 Bf5 12. Bb5 a6 13. Bxc6+ Qxc6 14. g4 Be6 {1-0 Nevednichy,V (2592)-Svetushkin,D (2560) SRB-chT 1st League 2010 (7)}) ({RR} 7... g6 8. O-O Bg7 9. Bf4 e5 10. dxe5 Nxe5 11. Bb5+ Bd7 12. Bxd7+ Nfxd7 13. Qxd5 O-O 14. Nd2 Rad8 15. Nf3 Rfe8 16. Nxe5 Bxe5 17. Qf3 Nc5 18. Rad1 Bxf4 19. Nxf4 Rxd1 20. Rxd1 Ne4 21. Nd5 Qd8 22. Rd4 {1-0 Goryachkina,A (2553)-Mizzi,J (2043) Titled Tue 26th Mar Early 2024 (9)}) 8. Bf4 Bd6 9. Qd2 $146 ({RR} 9. Bxd6 Qxd6 10. Nd2 O-O 11. Nf3 b6 12. Ng3 e5 13. dxe5 Nxe5 14. O-O Nxf3+ 15. Qxf3 Bd7 16. Rad1 Qc5 17. Bc2 Rae8 18. Rd4 Re7 19. Rh4 Re5 20. Rd1 Rfe8 21. Rdd4 h6 22. Rxh6 gxh6 23. Qxf6 Qc6 {1-0 Jurcik,M (2435)-Molnar,P (2297) SVK-chT 0809 2008 (6)}) ({RR} 9. Bxd6 Qxd6 10. Nd2 O-O 11. O-O b6 12. Ng3 Bb7 13. Nf3 Ne7 14. Re1 Ng6 15. Ne5 Nd7 16. Nxd7 Qxd7 17. Qg4 f5 18. Qg5 Qf7 19. Ne2 Rae8 20. Nf4 Nh8 21. Bb5 Re7 22. Nd3 Qf6 23. Qd2 Bc8 {0-1 Rukavishnikov,M (1767)-Onischenko,A (2085) RUS-ch Silent 2019 (4)}) ({RR} 9. Bxd6 Qxd6 10. Nd2 O-O 11. Nf3 Ne4 12. Qc1 Bd7 13. Qf4 Qxf4 14. Nxf4 Nd6 15. O-O Rfc8 16. Rfe1 b5 17. a3 Rab8 18. Bf1 a5 19. Nd3 Ne4 20. Nfe5 Nxe5 21. Nxe5 Be8 22. Nd3 {½-½ Zozulia,A (2344)-Antonio,R (2529) Sydney op-A Parramatta 2008 (6)}) 9... Bxf4 10. Nxf4 e5 11. dxe5 Qxe5+ 12. Qe2 O-O 13. Qxe5 Nxe5 14. O-O g5 15. Re1 Re8 16. Bb5 Nf3+ 17. gxf3 Rxe1+ 0-1